| 000 | 00838nam a2200265 a 4500 | ||
|---|---|---|---|
| 001 | 9597 | ||
| 003 | CO-ViMGA | ||
| 008 | 141112s2004 ck r 000 u spa d | ||
| 040 |
_aCO-ViMGA _bspa _cCO-ViMGA |
||
| 082 | 0 | 4 | _a657.45 S235 V.2 |
| 100 | 1 |
_aSantillana Gonzalez, _910992 |
|
| 245 | 1 | 0 | _aAuditoria Santillana II |
| 260 |
_aMexico : _bEdiciones contables Administrativas y Fiscales S.A, _c1997 |
||
| 300 | _a190p. | ||
| 650 | 1 | 4 |
_aCICLO DE COMPRAS _910993 |
| 650 | 1 | 4 |
_aCICLO DE INGRESOS _910994 |
| 650 | 1 | 4 |
_aCICLO DE NOMINAS _910995 |
| 650 | 1 | 4 |
_aCICLO DE PRODUCCION _910996 |
| 650 | 1 | 4 |
_aCICLO DE TESORERIA _910997 |
| 650 | 1 | 4 |
_aCONTROL INTERNO CONTABLE _910998 |
| 650 | 1 | 4 |
_aEVALUACION DEL CONTROL INTERNO _910999 |
| 650 | 1 | 4 |
_aMUESTREO EN LA AUDITORIA _911000 |
| 650 | 1 | 4 |
_aMUESTRO EN LA AUDITORIA _911001 |
| 942 |
_2ddc _cBK |
||
| 999 |
_c21076 _d21076 |
||